Gulf Of Guinea Countries - Statistics

General Stats
  • This quiz has been taken 18 times
  • The average score is 14 of 16
Answer Stats
Answer % Correct
Liberia
100%
D. R. Congo
93%
Guinea
93%
Guinea-Bissau
93%
Ivory Coast
93%
Republic of the Congo
93%
Sierra Leone
93%
Togo
93%
Benin
86%
Equatorial Guinea
86%
Ghana
86%
Nigeria
86%
Angola
79%
Cameroon
79%
Gabon
79%
São Tomé and Principe
64%
No matching quizzes found
Score Distribution
Percent of People with Each Score
Percentile by Number Answered
Your Score History
You have not taken this quiz